000 00331nab a22001097u 4500
008 130520b2005 xxu||||| |||| 00| 0 spa d
041 _aspa
100 1 _aLahoud, Daniel
_977902
245 0 0 _aEl progreso en la época guzmancista
_cDaniel Lahoud
773 0 _tAnthropos
_gV.26, nº1-2,2005,págs. 7-34
_x0254-1629
_wRev38
942 _cAR
999 _c384892
_d384892